00636nam a2200169 a 4500008004100000020001500041050001500056100001900071245003100090246004700121260003300168300001300201350000900214995009600223999001700319952013000336120416s0000 ||||||||||||||||| || u a0412478307 aHM 131 Bal aBaldwin, Steve14aThe myth of community care aan alternative neighbourhood model of care aLondonbChapman & Hallc1993 ax, 176p. a0.00 D0.00FCBU-MAIN LIBRARY (Kitwe)H1I17.95M1UAVAILABLEZMain Library Open Access Collection c51858d51858 00102lcc4070a001b001cMain Library Open Access Collectiond2022-11-30l0oHM 131 Balp46545r2022-11-30w2022-11-30y002